Les 10 armées les plus puissantes du monde - Les plus grandes armées - Statistiques

Statistiques générales
  • Ce quiz a été pris 86 fois
  • Le résultat moyen est 8 sur 10
Statistiques - réponses
Réponse % Correct
Chine
100%
France
99%
Russie
99%
États-Unis
97%
Royaume-Uni
86%
Inde
83%
Japon
82%
Corée du Sud
69%
Italie
64%
Turquie
35%
Aucun quiz correspondant
Distribution des résultats
% des personnes avec chaque résultat
Percentile par nombre de réponses
Votre historique - résultats
Vous n’avez pas pris ce quiz